[Event "SR 3. liga A2 2013/2014"]
[Site "?"]
[Date "2013.10.27"]
[Round "2.4"]
[White "Feher, Tibor"]
[Black "Markuliak, Mario"]
[Result "1-0"]
[WhiteElo "1815"]
[BlackElo "1819"]
[PlyCount "79"]
[EventDate "2013.??.??"]

1. d4 d6 2. e4 Nd7 3. Nf3 e5 4. dxe5 Nxe5 5. Nxe5 dxe5 6. Qxd8+ Kxd8 7. Bc4 Be6
8. Bxe6 fxe6 9. O-O Bd6 10. Be3 Nf6 11. f3 Ke7 12. Rd1 a6 13. a4 Rhd8 14. Nd2
b5 15. axb5 axb5 16. Nb3 Bb4 17. Rxd8 Rxa1+ 18. Nxa1 Kxd8 19. Kf1 Kd7 20. Nb3
Ng8 21. Nc5+ Kd6 22. Nd3 Ba5 23. Bc5+ Kc6 24. b4 Bb6 25. Bxb6 Kxb6 26. Nxe5 Nf6
27. g4 h6 28. h4 g5 29. hxg5 hxg5 30. Nf7 Nh7 31. Nd8 Nf8 32. Ke2 c5 33. c3
cxb4 34. cxb4 Kc7 35. Nf7 Nh7 36. Kd3 Kd7 37. Kd4 Ke7 38. Ne5 Kd6 39. Ng6 Nf6
40. e5+ 1-0

[Event "SR 3. liga A2 2013/2014"]
[Site "?"]
[Date "2013.10.27"]
[Round "2.4"]
[White "Vlkovic, Pavol"]
[Black "Kahancova, Jana"]
[Result "1-0"]
[WhiteElo "1819"]
[BlackElo "1652"]
[PlyCount "105"]
[EventDate "2013.??.??"]

1. e4 e5 2. Bc4 Nf6 3. d3 Bc5 4. Nf3 d6 5. h3 Nc6 6. c3 Na5 7. Bb5+ c6 8. Ba4
b5 9. Bc2 Nb7 10. b4 Bb6 11. Bg5 Bd7 12. Nbd2 Qe7 13. O-O O-O 14. Re1 Nd8 15.
Nf1 h6 16. Be3 Ne6 17. d4 Nf4 18. Bxf4 exf4 19. Qd3 g6 20. Qd2 Nh5 21. e5 Bc7
22. exd6 Qxd6 23. Ne5 Kg7 24. Nh2 a5 25. a3 a4 26. Be4 Nf6 27. Bc2 Nd5 28. Nhf3
Rfe8 29. Rac1 Rad8 30. Bb1 Be6 31. c4 Ne7 32. c5 Qd5 33. Be4 Qb3 34. Rc3 Qa2
35. Qxa2 Bxa2 36. Bxc6 Nxc6 37. Nxc6 Rxe1+ 38. Nxe1 Re8 39. Nd3 Re4 40. Kh2 Bd5
41. Nce5 Rxd4 42. f3 f6 43. Ng4 Bc4 44. Ngf2 Kf7 45. Nb2 Be5 46. Nxc4 Rxc4 47.
Rd3 Rd4 48. Rxd4 Bxd4 49. Ne4 Bb2 50. Nd6+ Ke7 51. Nxb5 Kd7 52. Na7 Bxa3 53.
c6+ 1-0

[Event "SR 3. liga A2 2013/2014"]
[Site "?"]
[Date "2013.10.27"]
[Round "2.4"]
[White "Pszota, Mate"]
[Black "Hornak, Pavol"]
[Result "0-1"]
[WhiteElo "1475"]
[BlackElo "1750"]
[PlyCount "90"]
[EventDate "2013.??.??"]

1. e4 c5 2. Nc3 a6 3. Nf3 Nc6 4. g3 e5 5. d3 h6 6. Bg2 d6 7. h3 Be6 8. Be3 Nf6
9. Nd2 b5 10. Ne2 d5 11. f4 d4 12. Bf2 Be7 13. Nf3 Bd6 14. c3 Qa5 15. O-O dxc3
16. bxc3 Rd8 17. d4 Nxe4 18. Nxe5 Nxe5 19. Bxe4 Nd7 20. g4 Nf6 21. Bc6+ Bd7 22.
dxc5 Bxc6 23. cxd6 Ne4 24. Qd4 O-O 25. Bh4 Rxd6 26. Qe3 Re8 27. Qc1 Qb6+ 28.
Kh2 Nd2 29. Rf2 Nf3+ 30. Kg3 Nxh4 31. Qf1 Ng6 32. Ng1 Re3+ 33. Kh2 Bb7 34. Nf3
Rdd3 35. Ng1 Rxc3 36. Rd1 Qc6 37. Ne2 Rcd3 38. Rc1 Qd7 39. Re1 h5 40. f5 Qd6+
41. Nf4 Rxe1 42. Qxe1 Nxf4 43. Kg1 Nxh3+ 44. Kf1 Nxf2 45. Qxf2 Rf3 0-1

[Event "SR 3. liga A2 2013/2014"]
[Site "?"]
[Date "2013.10.27"]
[Round "2.5"]
[White "Veselsky, Jozef"]
[Black "Skreno, Vladimir"]
[Result "0-1"]
[WhiteElo "2160"]
[BlackElo "2195"]
[PlyCount "78"]
[EventDate "2013.??.??"]

1. d4 Nf6 2. Nf3 g6 3. c4 Bg7 4. Nc3 d6 5. e4 O-O 6. Be2 e5 7. dxe5 dxe5 8.
Qxd8 Rxd8 9. Bg5 Re8 10. Nd5 Nxd5 11. cxd5 c6 12. Bc4 cxd5 13. Bxd5 Nd7 14. Rc1
h6 15. Be3 Nf6 16. Bb3 Nxe4 17. Rc7 Be6 18. Rxb7 Nd6 19. Rb4 a5 20. Rb6 Bxb3
21. axb3 Nf5 22. Ke2 e4 23. Nd2 Bxb2 24. Rd1 Bd4 25. Rb5 a4 26. Rxf5 Bxe3 27.
Rb5 Bxf2 28. Nxe4 Bh4 29. Kf3 a3 30. Rb6 a2 31. Ra1 Kg7 32. g4 Ra3 33. Nc3 Rea8
34. Ne4 Bd8 35. Rb7 R8a6 36. Kg2 Re6 37. Rb4 Ba5 38. Rc4 Rxe4 39. Rxe4 Bc3 0-1

[Event "SR 3. liga A2 2013/2014"]
[Site "?"]
[Date "2013.10.27"]
[Round "2.5"]
[White "Bisco, Igor"]
[Black "Travnicek, Petr"]
[Result "1/2-1/2"]
[WhiteElo "2086"]
[BlackElo "2117"]
[PlyCount "154"]
[EventDate "2013.??.??"]

1. e4 c5 2. Nf3 Nc6 3. d4 cxd4 4. Nxd4 Nf6 5. Nc3 e5 6. Ndb5 d6 7. Bg5 a6 8.
Na3 b5 9. Nd5 Qa5+ 10. Bd2 Qd8 11. Bg5 Be7 12. Bxf6 Bxf6 13. c3 O-O 14. Nc2 Rb8
15. Be2 a5 16. O-O Bg5 17. g3 f5 18. f4 Bh6 19. exf5 Bxf5 20. Nce3 Bh3 21. Rf3
exf4 22. gxf4 Be6 23. Qd3 Kh8 24. Raf1 Qd7 25. Bd1 Ne7 26. Bc2 Bg8 27. Nxe7
Qxe7 28. Nf5 Qa7+ 29. Kh1 Bc4 30. Qd1 Bxf1 31. Qxf1 Rf6 32. Qd3 Rg6 33. Ng3 Qb7
34. f5 Rf8 35. Kg1 Rg4 36. f6 gxf6 37. Kf2 Qg7 38. Qxd6 Qa7+ 39. Kf1 Qb7 40.
Kf2 Qa7+ 41. Kg2 Qg7 42. Bf5 Rc4 43. Rd3 Bf4 44. Qe6 Rc7 45. Qb6 Qe7 46. Qxa5
h5 47. Qxb5 h4 48. Be4 Rc5 49. Qa4 hxg3 50. Rd7 Rc4 51. Qxc4 Qxd7 52. Qc5 Qg7
53. h4 Be5 54. a4 f5 55. Bd5 f4 56. a5 Qf6 57. Bf3 Rd8 58. a6 Rd2+ 59. Kg1 Rd8
60. a7 Qg7 61. a8=Q Rxa8 62. Bxa8 Qf6 63. Qc8+ Kg7 64. Be4 Qb6+ 65. Kh1 Qf6 66.
Qd7+ Kf8 67. Qg4 Qg7 68. Qc8+ Ke7 69. Kg2 Qf6 70. Qg4 Qb6 71. Qg5+ Bf6 72. Qxf4
Qxb2+ 73. Kxg3 Qxc3+ 74. Kg4 Qe5 75. Qf3 Kf7 76. Qb3+ Qe6+ 77. Qxe6+ Kxe6
1/2-1/2

[Event "SR 3. liga A2 2013/2014"]
[Site "?"]
[Date "2013.10.27"]
[Round "2.5"]
[White "Pribila, Gerhard"]
[Black "Slamena, Michal"]
[Result "1/2-1/2"]
[WhiteElo "2076"]
[BlackElo "1991"]
[PlyCount "123"]
[EventDate "2013.??.??"]

1. Nf3 e6 2. c4 Nf6 3. g3 b6 4. Bg2 Bb7 5. O-O Be7 6. Nc3 O-O 7. d4 d5 8. Ne5
Nbd7 9. Nxd7 Qxd7 10. b3 c5 11. cxd5 exd5 12. Bb2 Rac8 13. Rc1 Rfd8 14. dxc5
bxc5 15. Qd3 Qe6 16. Qb5 Ba6 17. Qa5 d4 18. Nb5 Qb6 19. Qxb6 axb6 20. a4 Nd5
21. Rfe1 Bf6 22. Rc2 d3 23. Rd2 Bxb2 24. Rxb2 Bxb5 25. axb5 Nc3 26. exd3 Nxb5
27. b4 Nc3 28. bxc5 bxc5 29. Bf1 Rc7 30. Rc2 Na4 31. Rec1 Kf8 32. Ra1 Ra7 33.
Rca2 Rd4 34. Be2 Re7 35. Rxa4 Rxa4 36. Rxa4 Rxe2 37. Rc4 Re5 38. Kf1 Ke7 39. f4
Rd5 40. Ke2 g5 41. fxg5 Rxg5 42. Rh4 h5 43. Kd2 Ke6 44. Kc3 f5 45. Kc4 Kd6 46.
Rf4 Rg4 47. d4 cxd4 48. Kxd4 Ke6 49. Ke3 Ke5 50. Rf1 h4 51. Kf3 Ra4 52. Re1+
Kf6 53. Re2 Kg5 54. Rc2 Ra3+ 55. Kg2 Re3 56. Ra2 Rd3 57. Rb2 Kf6 58. Rb4 Rd2+
59. Kh3 hxg3 60. hxg3 Ke5 61. Rb5+ Ke4 62. Rb4+ 1/2-1/2

[Event "SR 3. liga A2 2013/2014"]
[Site "?"]
[Date "2013.10.27"]
[Round "2.5"]
[White "Drgon, Matus"]
[Black "Ambros, Rafael"]
[Result "1/2-1/2"]
[WhiteElo "1712"]
[BlackElo "2009"]
[PlyCount "36"]
[EventDate "2013.??.??"]

1. e4 c5 2. Nf3 Nc6 3. d4 cxd4 4. Nxd4 g6 5. Nc3 Bg7 6. Be3 Nf6 7. f3 O-O 8.
Qd2 d5 9. exd5 Nxd5 10. Nxc6 bxc6 11. Nxd5 cxd5 12. c3 a5 13. Be2 e5 14. O-O
Be6 15. Bc5 Re8 16. Bb5 Qc7 17. b4 Rec8 18. a4 Rab8 1/2-1/2

[Event "SR 3. liga A2 2013/2014"]
[Site "?"]
[Date "2013.10.27"]
[Round "2.5"]
[White "Pribila, Michal"]
[Black "Gajarsky, Roman"]
[Result "1-0"]
[WhiteElo "2081"]
[BlackElo "1797"]
[PlyCount "85"]
[EventDate "2013.??.??"]

1. e4 e6 2. d4 c5 3. Nf3 Qb6 4. d5 d6 5. Nc3 e5 6. Be2 Nd7 7. O-O h6 8. Nd2 g5
9. Nc4 Qd8 10. Ne3 Ndf6 11. Bb5+ Bd7 12. Nf5 Bxb5 13. Nxb5 a6 14. Nc3 Ne7 15.
Ne3 b5 16. f3 Nh5 17. g3 Ng7 18. Ng4 Ng6 19. a3 Be7 20. Qe2 Qb6 21. Qf2 O-O-O
22. b4 Kb7 23. bxc5 Qxc5 24. Qxc5 dxc5 25. Ne3 Rhf8 26. Nf5 Nxf5 27. exf5 Nh8
28. Rd1 Rd7 29. f6 Bd8 30. Ne4 Bb6 31. Be3 c4 32. Kf2 Rfd8 33. d6 Ng6 34. a4 b4
35. Rab1 a5 36. Bxb6 Kxb6 37. Rd5 Ra8 38. Rb5+ Kc6 39. Rc5+ Kb6 40. Rxc4 Rdd8
41. c3 Rdc8 42. Rxc8 Rxc8 43. cxb4 1-0

[Event "SR 3. liga A2 2013/2014"]
[Site "?"]
[Date "2013.10.27"]
[Round "2.5"]
[White "Janas, Peter"]
[Black "Kocak, Branislav"]
[Result "1/2-1/2"]
[WhiteElo "1707"]
[BlackElo "1912"]
[PlyCount "74"]
[EventDate "2013.??.??"]

1. Nf3 Nf6 2. d4 g6 3. g3 Bg7 4. Bg2 O-O 5. O-O d6 6. c3 c6 7. Qb3 Qc7 8. Nbd2
e5 9. e4 Be6 10. c4 h6 11. d5 Bd7 12. Qa3 a5 13. Qc3 Na6 14. Re1 Nc5 15. h3
Rab8 16. Nh2 b5 17. b3 Nh5 18. Bb2 b4 19. Qe3 Qc8 20. h4 f5 21. Qe2 f4 22. g4
Nf6 23. Bf3 g5 24. h5 a4 25. Rab1 Qa6 26. Bc1 Rb7 27. Bb2 Rfb8 28. Ba1 Ra8 29.
Kg2 Qb6 30. Bb2 Rba7 31. Kg1 Ra5 32. Kg2 R8a6 33. Kg1 axb3 34. axb3 Ra2 35. Kg2
Qa7 36. Kg1 Ne8 37. Kg2 Qb8 {0} 1/2-1/2

[Event "SR 3. liga A2 2013/2014"]
[Site "?"]
[Date "2013.10.27"]
[Round "2.5"]
[White "Brunovsky, Peter"]
[Black "Niznansky, Lukas"]
[Result "1-0"]
[WhiteElo "1829"]
[BlackElo "1684"]
[PlyCount "79"]
[EventDate "2013.??.??"]

1. d4 d5 2. Nf3 Nf6 3. Bf4 Bf5 4. e3 e6 5. Bd3 Bxd3 6. Qxd3 Nbd7 7. Nbd2 Be7 8.
O-O c5 9. c3 c4 10. Qc2 b5 11. a3 O-O 12. Rfe1 Qb6 13. Ne5 Nxe5 14. Bxe5 Ng4
15. Bg3 Bd6 16. Bxd6 Qxd6 17. Nf3 Rfe8 18. h3 Nf6 19. Ne5 Nd7 20. Nxd7 Qxd7 21.
e4 Rad8 22. e5 Qe7 23. f4 f5 24. exf6 Qxf6 25. Qd2 Rf8 26. g3 Qg6 27. Kh2 Rde8
28. Re5 Rf5 29. Rae1 Rxe5 30. Rxe5 Kf8 31. Qe2 a6 32. h4 Qf7 33. Kh3 Qg6 34.
Kh2 Qf7 35. Kh3 Qg6 36. h5 Qf7 37. Qg4 h6 38. f5 Kg8 39. Qg6 Qe7 40. Rxe6 1-0

[Event "SR 3. liga A2 2013/2014"]
[Site "?"]
[Date "2013.10.27"]
[Round "2.5"]
[White "Tupy, Bystrik"]
[Black "Zajicek, Ferdinand"]
[Result "1/2-1/2"]
[WhiteElo "1798"]
[BlackElo "1823"]
[PlyCount "44"]
[EventDate "2013.??.??"]

1. e4 c5 2. Nf3 Nc6 3. d4 cxd4 4. Nxd4 d6 5. Bb5 Bd7 6. Nc3 Nf6 7. O-O g6 8.
Re1 Bg7 9. Bxc6 bxc6 10. Bg5 Qa5 11. Qd2 O-O 12. Bh6 Qh5 13. Bxg7 Kxg7 14. Qe2
Rab8 15. Qxh5 Nxh5 16. b3 Rb4 17. Rad1 Nf6 18. e5 Ng4 19. exd6 exd6 20. Nf3 d5
21. Re7 Nf6 22. Ne5 Rb7 1/2-1/2

[Event "SR 3. liga A2 2013/2014"]
[Site "?"]
[Date "2013.10.27"]
[Round "2.6"]
[White "Kavon, Rastislav"]
[Black "Danada, Tomas"]
[Result "1/2-1/2"]
[WhiteElo "2026"]
[BlackElo "2099"]
[PlyCount "102"]
[EventDate "2013.??.??"]

1. e4 c6 2. d4 d5 3. Nc3 dxe4 4. Nxe4 Bf5 5. Ng3 Bg6 6. h4 h6 7. Nf3 Nd7 8. h5
Bh7 9. Bd3 Bxd3 10. Qxd3 e6 11. Bd2 Ngf6 12. O-O-O Be7 13. Ne4 Nxe4 14. Qxe4
Nf6 15. Qe2 Qd5 16. Kb1 O-O 17. g4 Qe4 18. Qxe4 Nxe4 19. Be3 f5 20. Nd2 Nxd2+
21. Bxd2 fxg4 22. Be3 Bg5 23. Rhg1 Bxe3 24. fxe3 Rf5 25. Rxg4 Raf8 26. Rh4 Rf3
27. Re4 R8f6 28. b3 Rh3 29. Re5 Kf7 30. e4 Re3 31. Ra5 a6 32. d5 exd5 33. exd5
Re5 34. Rd3 Rxd5 35. Raxd5 cxd5 36. Rxd5 Ke6 37. Rc5 Rf5 38. Rc7 Rf7 39. Rc5
Kd6 40. Ra5 Rf1+ 41. Kb2 Rg1 42. Rf5 Ke6 43. Rc5 Kd6 44. Rf5 Rg5 45. Rf7 Kc6
46. a3 a5 47. a4 b5 48. axb5+ Kxb5 49. Ka3 Rxh5 50. Rxg7 Rh2 51. Rh7 Rxc2
1/2-1/2

[Event "SR 3. liga A2 2013/2014"]
[Site "?"]
[Date "2013.10.27"]
[Round "2.6"]
[White "Hecko, Dusan"]
[Black "Jablonicky, Martin"]
[Result "1/2-1/2"]
[WhiteElo "2107"]
[BlackElo "1967"]
[PlyCount "106"]
[EventDate "2013.??.??"]

1. d4 c5 2. Nf3 cxd4 3. Nxd4 Nc6 4. g3 g6 5. Bg2 Bg7 6. c3 Nf6 7. O-O O-O 8.
Nd2 d5 9. N2f3 Re8 10. h3 e5 11. Nxc6 bxc6 12. Be3 Qd6 13. Qa4 Nd7 14. Rad1 Bb7
15. b3 e4 16. Nd2 f5 17. Bd4 Bh6 18. b4 a5 19. Qb3 Ba6 20. Rfe1 axb4 21. cxb4
Bxd2 22. Rxd2 Bc4 23. Qb1 Reb8 24. Rb2 Ra4 25. Bc3 Rba8 26. Qd1 Kf7 27. Qd4 Qf8
28. f3 Rxa2 29. Rxa2 Rxa2 30. fxe4 Ke6 31. exd5+ Bxd5 32. e4 Rxg2+ 33. Kxg2
Bxe4+ 34. Kh2 Qa8 35. Ra1 Qb8 36. Ra7 Bd5 37. Qe3+ Be4 38. Qd4 Bd5 39. Rxd7
Kxd7 40. Qg7+ Ke6 41. Qxh7 Qe8 42. Qc7 Qe7 43. Qxe7+ Kxe7 44. Kg1 Ke6 45. Kf2
Be4 46. Ke3 Bg2 47. h4 Bh3 48. Kf4 Bg4 49. Bd4 Kd5 50. Bc5 Bh5 51. Kg5 Ke6 52.
Kf4 Kd5 53. Kg5 Ke6 1/2-1/2

[Event "SR 3. liga A2 2013/2014"]
[Site "?"]
[Date "2013.10.27"]
[Round "2.6"]
[White "Jablonicky, Frantisek"]
[Black "Diviak, Rastislav"]
[Result "1-0"]
[WhiteElo "2146"]
[BlackElo "1998"]
[PlyCount "55"]
[EventDate "2013.??.??"]

1. g3 d5 2. f4 Nf6 3. Nf3 g6 4. Bg2 Bg7 5. O-O O-O 6. d3 c5 7. Qe1 Nc6 8. e4
dxe4 9. dxe4 Nd4 10. Na3 b6 11. e5 Nd5 12. Nxd4 cxd4 13. Qe4 Nc7 14. Rd1 Bf5
15. Qxd4 Qxd4+ 16. Rxd4 Rad8 17. c3 Ne6 18. Rxd8 Rxd8 19. Be3 Nc5 20. Nb5 a6
21. Nd4 Be4 22. Bxe4 Nxe4 23. Kf1 e6 24. Ke2 Bf8 25. Rd1 Ba3 26. Kf3 Bxb2 27.
Kxe4 Bxc3 28. Rd3 1-0

[Event "SR 3. liga A2 2013/2014"]
[Site "?"]
[Date "2013.10.27"]
[Round "2.6"]
[White "Pericka, Tomas"]
[Black "Kucharek, Jaroslav"]
[Result "1-0"]
[WhiteElo "1994"]
[BlackElo "2074"]
[PlyCount "39"]
[EventDate "2013.??.??"]

1. e4 c5 2. Nf3 d6 3. Bb5+ Bd7 4. Qe2 a6 5. Bxd7+ Qxd7 6. O-O Nc6 7. c3 g6 8.
Rd1 Bg7 9. d4 cxd4 10. cxd4 Nf6 11. Nc3 Ng4 12. h3 Nh6 13. Bf4 f5 14. e5 d5 15.
e6 Qd8 16. Qd3 Ng8 17. Ng5 Nh6 18. Nf3 Ng8 19. Ne5 Qb6 20. Nxd5 1-0

[Event "SR 3. liga A2 2013/2014"]
[Site "?"]
[Date "2013.10.27"]
[Round "2.6"]
[White "Mackovic, Matus"]
[Black "Nemeckay, Rastislav"]
[Result "1/2-1/2"]
[WhiteElo "1913"]
[BlackElo "1986"]
[PlyCount "96"]
[EventDate "2013.??.??"]

1. e4 e5 2. Nf3 Nf6 3. Nxe5 d6 4. Nf3 Nxe4 5. d4 d5 6. Bd3 Bg4 7. c4 Bb4+ 8.
Nbd2 Nxd2 9. Bxd2 Bxd2+ 10. Qxd2 Qe7+ 11. Qe3 Bxf3 12. gxf3 dxc4 13. Bxc4 Nc6
14. Bb5 O-O-O 15. Bxc6 Qb4+ 16. Qc3 Qxc3+ 17. bxc3 bxc6 18. O-O Rhe8 19. Rfe1
Kd7 20. Rxe8 Rxe8 21. Kf1 Rb8 22. Re1 Rb5 23. Re2 Rb8 24. Rc2 Rb1+ 25. Kg2 Kd6
26. f4 f6 27. Kf3 Kd5 28. Ke3 Kc4 29. f3 f5 30. Kd2 Rh1 31. Ke3 Rd1 32. Rb2
Kxc3 33. Rb7 Rd3+ 34. Ke2 Rd2+ 35. Ke3 Rxh2 36. Rxa7 Rh6 37. Rxc7 Re6+ 38. Kf2
Kxd4 39. Rxg7 c5 40. Rd7+ Kc4 41. Rxh7 Rd6 42. Ke3 Kc3 43. Rh5 Rd5 44. Rh1 Kb2
45. Rh2+ Kc3 46. Rh1 Rd3+ 47. Ke2 Rd2+ 48. Ke3 Rd3+ 1/2-1/2

[Event "SR 3. liga A2 2013/2014"]
[Site "?"]
[Date "2013.10.27"]
[Round "2.6"]
[White "Ocko, Martin"]
[Black "Jakubec, Milan"]
[Result "0-1"]
[WhiteElo "1736"]
[BlackElo "2084"]
[PlyCount "98"]
[EventDate "2013.??.??"]

1. d4 d5 2. c4 e6 3. Nf3 Nf6 4. e3 c6 5. Nc3 Bd6 6. b3 O-O 7. Bb2 Nbd7 8. Be2
dxc4 9. bxc4 e5 10. O-O exd4 11. exd4 Re8 12. Qc2 Nf8 13. Bd3 Ng6 14. Ne4 Nxe4
15. Bxe4 Be6 16. Ne5 Qc8 17. f4 f5 18. Bd3 Be7 19. a3 Nxe5 20. fxe5 g6 21. Rae1
b5 22. cxb5 cxb5 23. Qxc8 Rexc8 24. Rc1 a6 25. Rxc8+ Rxc8 26. Rc1 Rxc1+ 27.
Bxc1 Kf7 28. Kf2 Bd5 29. g3 Ke6 30. h4 Bb3 31. Ke2 Kd5 32. Bb2 Bc4 33. Kd2 Bxd3
34. Kxd3 a5 35. Bc1 b4 36. a4 Bd8 37. Bb2 f4 38. gxf4 Bxh4 39. Bc1 h5 40. Bb2
Bd8 41. Bc1 h4 42. Be3 h3 43. Bg1 Bh4 44. Bh2 Bf2 45. e6 Kxe6 46. Kc4 Kd7 47.
d5 Bb6 48. Kd3 Bc7 49. Ke4 g5 0-1

[Event "SR 3. liga A2 2013/2014"]
[Site "?"]
[Date "2013.10.27"]
[Round "2.6"]
[White "Hirmajer, Jan"]
[Black "Pipiska, Adam"]
[Result "1/2-1/2"]
[WhiteElo "1957"]
[BlackElo "1737"]
[PlyCount "122"]
[EventDate "2013.??.??"]

1. c4 d6 2. Nc3 g6 3. g3 Bg7 4. Bg2 Nf6 5. e3 Nc6 6. Nge2 O-O 7. O-O e5 8. a3
Be6 9. d3 Qd7 10. Re1 Bh3 11. Bh1 Ng4 12. f4 Qf5 13. Ne4 exf4 14. Nxf4 Nge5 15.
Nf2 Bg4 16. Nxg4 Nxg4 17. Be4 Qd7 18. Qb3 Rab8 19. Bd2 Nce5 20. d4 Nc6 21. Qd1
Nxd4 22. exd4 Bxd4+ 23. Kg2 Bxb2 24. Ra2 Bg7 25. Bc1 Rfe8 26. c5 Nf6 27. Bf3
Rxe1 28. Qxe1 dxc5 29. Qa5 g5 30. Qxa7 Re8 31. Rd2 Qb5 32. Nd5 Nxd5 33. Rxd5 g4
34. Bxg4 Qc4 35. Bf3 Qxc1 36. Qa4 c6 37. Rd1 Qb2+ 38. Kh3 Qf2 39. Qg4 h6 40.
Rd7 Qf1+ 41. Bg2 Qb5 42. Qf5 Qc4 43. Rxb7 Qe6 44. Qxe6 Rxe6 45. Rc7 c4 46. Bxc6
c3 47. Bd5 Ra6 48. Rc8+ Bf8 49. Rxc3 Bxa3 50. Rc7 Rf6 51. Rc8+ Kg7 52. Rc4 Rg6
53. Kg2 Bb2 54. Rc7 Rf6 55. Kh3 Bd4 56. Rd7 Bg1 57. Kg2 Be3 58. g4 Bg5 59. Kg3
Bf4+ 60. Kg2 Bg5 61. Be4 Bh4 1/2-1/2

[Event "SR 3. liga A2 2013/2014"]
[Site "?"]
[Date "2013.10.27"]
[Round "2.6"]
[White "Skapik, Branislav"]
[Black "Mackovic, Miroslav"]
[Result "1/2-1/2"]
[WhiteElo "1841"]
[BlackElo "1936"]
[PlyCount "106"]
[EventDate "2013.??.??"]

1. Nf3 Nf6 2. g3 g6 3. Bg2 Bg7 4. d4 O-O 5. O-O d6 6. c4 Nc6 7. Nc3 Rb8 8. Rb1
Bf5 9. Ra1 a6 10. Nh4 Bd7 11. e4 Na5 12. b3 c5 13. Be3 cxd4 14. Bxd4 Nc6 15.
Be3 b5 16. cxb5 axb5 17. Rc1 Ng4 18. Bd2 Nb4 19. h3 Ne5 20. a3 Nbd3 21. Rc2 b4
22. Nd5 bxa3 23. Bc3 Nc5 24. f4 Nc6 25. Bxg7 Kxg7 26. Qa1+ f6 27. Rc3 Rxb3 28.
Rxb3 Nxb3 29. Qxa3 Nc5 30. Qe3 e5 31. Nf3 Be6 32. Ra1 h6 33. g4 Bxd5 34. exd5
exf4 35. Qxf4 Ne5 36. Nd4 Qb6 37. Kh2 Rf7 38. Qf1 Rb7 39. Ne6+ Kf7 40. g5 hxg5
41. Nxg5+ Ke7 42. Nf3 Nxf3+ 43. Qxf3 Qb3 44. Re1+ Kf7 45. Qe2 Qb5 46. Qe3 Kg7
47. Qg3 Qd7 48. h4 Rb3 49. Bf3 Nd3 50. h5 Rb2+ 51. Re2 Rxe2+ 52. Bxe2 Ne5 53.
Qa3 Kh6 1/2-1/2

[Event "SR 3. liga A2 2013/2014"]
[Site "?"]
[Date "2013.11.10"]
[Round "3.1"]
[White "Danada, Tomas"]
[Black "Zarecky, Eduard"]
[Result "1-0"]
[WhiteElo "2099"]
[BlackElo "1903"]
[PlyCount "139"]
[EventDate "2013.??.??"]

1. g3 d5 2. Bg2 e5 3. d3 c6 4. Nd2 Bd6 5. e4 Ne7 6. c4 d4 7. Ngf3 c5 8. O-O
Nbc6 9. a3 a5 10. Ne1 Ng6 11. h4 Qc7 12. Bf3 Bh3 13. Ng2 Qd7 14. Kh2 Ra6 15.
Rh1 Be6 16. Nf1 a4 17. g4 Na5 18. Ng3 Nb3 19. Rb1 Ne7 20. Kg1 f6 21. Nh5 Ng6
22. Bh6 Bf8 23. Rh2 Qe7 24. Bc1 Qd8 25. g5 Rg8 26. Bg4 Bxg4 27. Qxg4 Qd7 28.
Qe2 Ne7 29. Ng3 g6 30. gxf6 Rxf6 31. Bg5 Re6 32. f4 Bg7 33. f5 Rb6 34. Rf1 Rf8
35. h5 gxf5 36. h6 Bf6 37. Qh5+ Kd8 38. exf5 Kc8 39. Kh1 Ng8 40. Ne4 Qf7 41.
Qxf7 Rxf7 42. Bxf6 Nxf6 43. Ng5 Rf8 44. Ne1 Ng4 45. Rh4 Rxh6 46. Rxh6 Nxh6 47.
f6 Nf7 48. Nef3 Nxg5 49. Nxg5 Kd7 50. Nxh7 Rf7 51. Ng5 Rf8 52. Kh2 Na5 53. Kg3
Nc6 54. Kg4 Nd8 55. f7 Ne6 56. Nh7 Rh8 57. f8=N+ Nxf8 58. Nxf8+ Kd6 59. Rf7 b6
60. Kg3 Rh1 61. Rb7 Kc6 62. Re7 Rd1 63. Re6+ Kc7 64. Rxe5 Rxd3+ 65. Kf2 Rh3 66.
Re2 Kd6 67. Ng6 Rh6 68. Nf4 Rf6 69. Kg3 Kc7 70. Nd5+ 1-0

[Event "SR 3. liga A2 2013/2014"]
[Site "?"]
[Date "2013.11.10"]
[Round "3.1"]
[White "Bango, Lukas"]
[Black "Spacek, Oliver"]
[Result "0-1"]
[WhiteElo "1781"]
[BlackElo "2041"]
[PlyCount "66"]
[EventDate "2013.??.??"]

1. c4 Nf6 2. Nc3 c5 3. g3 g6 4. Bg2 Bg7 5. Nf3 Nc6 6. O-O O-O 7. d3 e5 8. Be3
d6 9. h3 h6 10. a3 a6 11. Rb1 a5 12. Nd5 Nxd5 13. cxd5 Ne7 14. Nd2 f5 15. f4
exf4 16. gxf4 b5 17. b4 cxb4 18. axb4 a4 19. Rc1 Bb7 20. Qc2 Rc8 21. Qa2 Rxc1
22. Rxc1 Qa8 23. Rc6 Bxc6 24. dxc6+ Kh8 25. Nf3 Nxc6 26. Nh4 Kh7 27. Bd2 Qe8
28. e4 Nd4 29. Qd5 Qe6 30. Qb7 Qf7 31. Qa6 Qf6 32. Be1 Ne2+ 33. Kh2 fxe4 0-1

[Event "SR 3. liga A2 2013/2014"]
[Site "?"]
[Date "2013.11.10"]
[Round "3.1"]
[White "Diviak, Rastislav"]
[Black "Slobodnik, Michal"]
[Result "0-1"]
[WhiteElo "1998"]
[BlackElo "1891"]
[PlyCount "26"]
[EventDate "2013.??.??"]

1. e4 Nf6 2. e5 Nd5 3. d4 d6 4. Nf3 dxe5 5. Nxe5 c6 6. c4 Nb4 7. Be3 Bf5 8. Na3
Nd7 9. Nd3 e5 10. Qb3 Bxd3 11. Bxd3 exd4 12. Bxd4 Nc5 13. O-O-O Nxb3+ 0-1

[Event "SR 3. liga A2 2013/2014"]
[Site "?"]
[Date "2013.11.10"]
[Round "3.1"]
[White "Horecky, Peter"]
[Black "Nemeckay, Rastislav"]
[Result "1-0"]
[WhiteElo "1697"]
[BlackElo "1986"]
[PlyCount "97"]
[EventDate "2013.??.??"]

1. d4 d5 2. Nf3 Nf6 3. c4 c6 4. Nc3 e6 5. e3 Nbd7 6. Bd3 a6 7. a4 Bd6 8. O-O
O-O 9. e4 dxe4 10. Nxe4 Nxe4 11. Bxe4 Nf6 12. Bg5 Be7 13. Bd3 b6 14. Qe2 Bb7
15. Rfd1 Qc7 16. Ne5 c5 17. dxc5 bxc5 18. Rd2 Rad8 19. Rad1 Rd4 20. Nf3 Ng4 21.
Bxe7 Bxf3 22. Qxf3 Qxe7 23. Bxh7+ Kxh7 24. Rxd4 cxd4 25. Qxg4 e5 26. Re1 Re8
27. Qe4+ Kh8 28. f4 f6 29. Rd1 Qb4 30. fxe5 Rxe5 31. Qh4+ Kg8 32. Rxd4 Qxb2 33.
h3 Qa1+ 34. Kh2 Qxa4 35. Rd8+ Re8 36. Qd4 Qc6 37. Rd7 Qe6 38. Rd6 Qc8 39. Qd5+
Kf8 40. c5 Qb8 41. Qh5 Kg8 42. Qd5+ Kf8 43. Qh5 Kg8 44. Qd5+ Kf8 45. h4 Rd8 46.
g3 Rxd6 47. cxd6 a5 48. Qc5 Ke8 49. Qe3+ 1-0

[Event "SR 3. liga A2 2013/2014"]
[Site "?"]
[Date "2013.11.10"]
[Round "3.1"]
[White "Spacek, Marcel"]
[Black "Rau, Vladimir"]
[Result "1-0"]
[WhiteElo "1818"]
[BlackElo "1637"]
[PlyCount "91"]
[EventDate "2013.??.??"]

1. d4 d5 2. c4 Nf6 3. cxd5 Nxd5 4. e4 Nf6 5. Nc3 e6 6. g3 Be7 7. Bg2 O-O 8.
Nge2 Nc6 9. O-O h6 10. Be3 Ng4 11. Bf4 a6 12. e5 g5 13. Bc1 h5 14. Ne4 f5 15.
exf6 Bxf6 16. h3 Nh6 17. h4 Nf7 18. hxg5 Nxg5 19. Nf4 e5 20. Nxf6+ Qxf6 21.
dxe5 Nxe5 22. Qd5+ Rf7 23. Re1 Nd7 24. Re8+ Nf8 25. Be3 c6 26. Qc4 Be6 27. Nxe6
Rxe8 28. Nxg5 Rxe3 29. Nxf7 Re6 30. Nd6 Qxb2 31. Re1 b5 32. Qc1 Qxc1 33. Rxc1
Rxd6 34. Bxc6 Ng6 35. Be4 Ne5 36. Rc5 Rd1+ 37. Kg2 Nc4 38. Bd5+ Kg7 39. Bxc4
bxc4 40. Rxc4 Rd5 41. Ra4 Rd6 42. Ra5 Rh6 43. Kh3 Rf6 44. f4 Kg6 45. Kh4 Rd6
46. Rg5+ 1-0

[Event "SR 3. liga A2 2013/2014"]
[Site "?"]
[Date "2013.11.10"]
[Round "3.1"]
[White "Capanda, Jan"]
[Black "Ocko, Martin"]
[Result "1/2-1/2"]
[WhiteElo "1466"]
[BlackElo "1736"]
[PlyCount "85"]
[EventDate "2013.??.??"]

1. e4 c5 2. Nf3 Nc6 3. d4 cxd4 4. Nxd4 g6 5. c3 Bg7 6. Nb3 Nf6 7. Bd3 O-O 8.
O-O d6 9. h3 a6 10. Bg5 b5 11. Qe2 Ne5 12. Bc2 Be6 13. N1d2 h6 14. Bh4 Rc8 15.
Nd4 Bd7 16. Rab1 Qb6 17. Kh2 Nc4 18. f3 e5 19. N4b3 Ne3 20. Rfc1 Nxc2 21. Rxc2
Nh5 22. Nf1 Nf4 23. Qd2 Rfe8 24. Rd1 Bf8 25. Ne3 Be6 26. Ng4 Bxg4 27. hxg4 Qc6
28. Bf2 Ne6 29. Be3 g5 30. Qf2 b4 31. Rdd2 Qa4 32. Nc1 bxc3 33. bxc3 Rc4 34.
Ne2 Rec8 35. Qe1 Nc7 36. Qb1 Nb5 37. Qb2 Qa5 38. Rd5 Qa4 39. Rc1 f6 40. Bd2 Be7
41. Be3 Bd8 42. Kg3 Ba5 43. Bd2 1/2-1/2

[Event "SR 3. liga A2 2013/2014"]
[Site "?"]
[Date "2013.11.10"]
[Round "3.1"]
[White "Pipiska, Adam"]
[Black "Bango, Dominik"]
[Result "1-0"]
[WhiteElo "1737"]
[BlackElo "1498"]
[PlyCount "73"]
[EventDate "2013.??.??"]

1. e4 e6 2. d4 d5 3. Nc3 c5 4. Nf3 Nc6 5. g3 dxe4 6. Nxe4 Nxd4 7. Be3 Nxf3+ 8.
Qxf3 Nf6 9. Bb5+ Bd7 10. O-O-O Nd5 11. Bxd7+ Qxd7 12. c4 Qa4 13. cxd5 exd5 14.
Nc3 Qc6 15. Qxd5 Qxd5 16. Rxd5 Rd8 17. Re5+ Kd7 18. Rd1+ Kc8 19. Rxd8+ Kxd8 20.
Bxc5 Bxc5 21. Rxc5 Re8 22. Kd2 Kd7 23. Nb5 a6 24. Nc3 Re6 25. Rd5+ Kc6 26. Rd8
Rh6 27. h4 Rf6 28. Ne4 Re6 29. f3 f5 30. Nc3 Rg6 31. Ne2 h5 32. Rf8 Rd6+ 33.
Ke1 g6 34. Nf4 Kc5 35. Rg8 Rb6 36. Rxg6 Rxg6 37. Nxg6 1-0